Apuntes hidrológicos de las aguas sulfatadas-cálcicas-termales de La Isabela (Sacedón) (Record no. 161896)

MARC details
000 -LEADER
campo de control de longitud fija 00776nam a22001815i 4500
001 - NÚMERO DE CONTROL
campo de control 161896
003 - IDENTIFICADOR DE NÚMERO DE CONTROL
campo de control ES-MaACL
005 - FECHA Y HORA DE LA ÚLTIMA TRANSACCIÓN
campo de control 20230906212359.0
008 - DATOS DE LONGITUD FIJA--INFORMACIÓN GENERAL
campo de control de longitud fija 011113s1885 sp |||| | spa d
100 1# - ENTRADA PRINCIPAL--NOMBRE DE PERSONA
Nombre de persona Pérez Ortega, Arturo.
9 (RLIN) 91066
245 10 - MENCIÓN DEL TÍTULO
Título Apuntes hidrológicos de las aguas sulfatadas-cálcicas-termales de La Isabela (Sacedón)
Resto del título : 1885 /
Mención de responsabilidad, etc. por su director Arturo Pérez Ortega.
260 ## - PUBLICACIÓN, DISTRIBUCIÓN, ETC.
Lugar de publicación, distribución, etc. Madrid :
Nombre del editor, distribuidor, etc. [s.n.],
Fecha de publicación, distribución, etc. 1885 (
Fabricante Estab. Tip. de M. Minuesa)
300 ## - DESCRIPCIÓN FÍSICA
Extensión 156 p. ;
Dimensiones 18 cm.
610 24 - PUNTO DE ACCESO ADICIONAL DE MATERIA--NOMBRE DE ENTIDAD CORPORATIVA
Nombre de entidad corporativa o nombre de jurisdicción como elemento de entrada La Isabela (Guadalajara)
9 (RLIN) 144694
650 #4 - PUNTO DE ACCESO ADICIONAL DE MATERIA--TÉRMINO DE MATERIA
Término de materia o nombre geográfico como elemento de entrada Aguas minerales-
Subdivisión geográfica Sacedón (Guadalajara)
9 (RLIN) 135529
650 #4 - PUNTO DE ACCESO ADICIONAL DE MATERIA--TÉRMINO DE MATERIA
Término de materia o nombre geográfico como elemento de entrada Fuentes termales-
Subdivisión geográfica Guadalajara (Provincia)
9 (RLIN) 172335
852 ## - LOCALIZACIÓN
Ubicación ES-MaACL
Número de control de estantería T-479-F-1
Nota libre - Enc. hol., falto de cub. original
-- - Enc. en un vol. facticio
Holdings
Estatus retirado Estado de pérdida Estado de daño No para préstamo Colección Biblioteca de origen Biblioteca actual Ubicación en estantería Fecha de adquisición Total de préstamos Signatura topográfica completa Código de barras Visto por última vez Precio de reemplazo Tipo de ítem Koha
        Colección de folletos Biblioteca del Ateneo de Madrid Biblioteca del Ateneo de Madrid Depósito folletos 17/01/2008   T-479-F-1 1169587 23/02/2023 23/02/2023 Folleto